| 000 | 00485nam a2200133Ia 4500 | ||
|---|---|---|---|
| 008 | 191108s9999 xx 000 0 und d | ||
| 020 | _a978-1-4000-6997-2 | ||
| 100 | _aTaleb, Nassim Nicholas | ||
| 245 |
_cNassim Nicholas Taleb.-- _aThe bed of procrustes: _bPhilosophical and practical aphorisms / |
||
| 260 |
_aNew York: _bRandom House Publishing Group _c2011. |
||
| 300 | _axii, 112 pages : | ||
| 650 | _aAphorism and apthegms. | ||
| 650 | _aHuman behavior-- quotations, maxims, etc. | ||
| 999 |
_c362534 _d362534 |
||